000 00774na a2200265 4500
001 13490
003 MIRAKIL
005 20181213155050.0
008 161005b tu 000 0
020 _a9757639370
035 _a13490
040 _aMilas
_btur
_cTR-AnCHP
082 _a956.101543
_bÇ84o
090 _a956.101543 Ç84o 1990
100 _aÇulcu, Murat
245 _aOsmanlı'da çağdaşlaşma - taassup çatışması
_bikinci cilt
_cMurat Çulcu
260 _aİstanbul
_bKastaş A.Ş
_c1990
300 _a400 s.
_c22 sm.
504 _aKaynakça (371-387)
650 _aTürkiye
_xTarih
_yMeşrutiyet dönemi
650 _xÇağdaşlaşma
650 _aToplumsal değişim
_xOsmanlı Devleti
651 _aTürkiye
_xSiyasal tarih
942 _2dcc
_cBKS
999 _c5897
_d5897